Communes of French Polynesia Quiz Stats

 Plays Quiz not verified by Sporcle

Challenge
Share
Tweet
Score 0/48 Timer 15:00
0 Plays Today
% Correct
Bora Bora
88%
★ Papeʻete
88%
Faʻaʻā
80.3%
Îles Gambier / Mangareva
79.5%
Rapa Iti
72.6%
Nuku Hiva
72.6%
Arue
71.8%
Hao
71.8%
Māhina
70.9%
Pāʻea
70.9%
Pirae
70.9%
Manihi
70.9%
Hiva ʻOa
70.9%
Pāpara
70.1%
Puka-Puka
69.2%
Anaʻa
68.4%
Napuka
67.5%
Rūrutu
66.7%
Fatu Hiva
66.7%
Huahine
65%
Maupiti
64.1%
Moʻorea-Maiʻao
62.4%
Fangatau
61.5%
Tahāʻa
60.7%
% Correct
Tureia
60.7%
Rangiroa
59.8%
ʻUa Pou
59.8%
Tahuata
59%
Reao
58.1%
Tatakoto
58.1%
Ua Huka
57.3%
Arutua
56.4%
Rimatara
55.6%
Tupuaʻi
55.6%
Punaʻāuia
54.7%
Fakarava
54.7%
ʻUturoa
52.1%
Raʻi Vāvae
52.1%
Takaroa
52.1%
Makemo
51.3%
Hikueru
50.4%
Nukutavake
50.4%
Taputapuʻātea
49.6%
Taiʻarapū-Est
48.7%
Taiʻarapū-Ouest
48.7%
Tūmāraʻa
47%
Hitiaʻā o te Rā
47%
Teva i Ūta
46.2%

You're not logged in!

Compare scores with friends on all Sporcle quizzes.
Join for Free
OR
Log In

You Might Also Like...

Show Comments

Extras

Top Quizzes Today


Score Distribution

Your Account Isn't Verified!

In order to create a playlist on Sporcle, you need to verify the email address you used during registration. Go to your Sporcle Settings to finish the process.

Report this User

Report this user for behavior that violates our Community Guidelines.

Details: